<?xml version="1.0" encoding="UTF-8"?><?xml-stylesheet type="text/xsl" href="static/style.xsl"?><OAI-PMH xmlns="http://www.openarchives.org/OAI/2.0/" xmlns:xsi="http://www.w3.org/2001/XMLSchema-instance" xsi:schemaLocation="http://www.openarchives.org/OAI/2.0/ http://www.openarchives.org/OAI/2.0/OAI-PMH.xsd"><responseDate>2026-06-02T21:45:39Z</responseDate><request verb="GetRecord" identifier="oai:riuma.uma.es:10630/45177" metadataPrefix="marc">https://riuma.uma.es/rest/oai/request</request><GetRecord><record><header><identifier>oai:riuma.uma.es:10630/45177</identifier><datestamp>2026-02-05T08:01:53Z</datestamp><setSpec>com_10630_2254</setSpec><setSpec>col_10630_37959</setSpec></header><metadata><record xmlns="http://www.loc.gov/MARC21/slim" xmlns:dcterms="http://purl.org/dc/terms/" xmlns:doc="http://www.lyncode.com/xoai" xmlns:xsi="http://www.w3.org/2001/XMLSchema-instance" xsi:schemaLocation="http://www.loc.gov/MARC21/slim http://www.loc.gov/standards/marcxml/schema/MARC21slim.xsd">
   <leader>00925njm 22002777a 4500</leader>
   <datafield ind2=" " ind1=" " tag="042">
      <subfield code="a">dc</subfield>
   </datafield>
   <datafield ind2=" " ind1=" " tag="720">
      <subfield code="a">Sánchez Moreno, Víctor</subfield>
      <subfield code="e">author</subfield>
   </datafield>
   <datafield ind2=" " ind1=" " tag="720">
      <subfield code="a">Cavas-Toledo, María Luisa</subfield>
      <subfield code="e">author</subfield>
   </datafield>
   <datafield ind2=" " ind1=" " tag="720">
      <subfield code="a">Cano-García, Mar</subfield>
      <subfield code="e">author</subfield>
   </datafield>
   <datafield ind2=" " ind1=" " tag="260">
      <subfield code="c">2025-11-21</subfield>
   </datafield>
   <datafield ind2=" " ind1=" " tag="520">
      <subfield code="a">El Modelo General de Agresión sostiene que los aspectos propios de cada individuo tienen un peso importante en su tendencia a actuar de forma agresiva. Dentro de estos factores personales, se ha puesto de manifiesto que la inteligencia emocional (IE) podría ser un factor de protección ante la conducta violenta. Asimismo, investigaciones previas han señalado que las dificultades de sueño podrían influir a la hora de realizar comportamientos agresivos ya que aumentan la irritabilidad, deterioran el autocontrol e incrementan las atribuciones hostiles de las conductas ajenas. Este estudio tuvo como objetivo analizar la asociación entre estas variables a nivel longitudinal.
La muestra estuvo compuesta 135 estudiantes universitarios que completaron diferentes cuestionarios que evaluaban calidad de sueño, IE y comportamientos agresivos en dos momentos temporales distintos (aproximadamente 4 meses entre ambas recogidas de datos). Se probó un modelo de mediación 4 a través de la macro PROCESS (Hayes, 2018) para examinar la relación entre la IE en tiempo 1, que actuó como variable predictora, la calidad del sueño en tiempo 1, que fue la variable mediadora y los comportamientos agresivos en tiempo 2, que constituyeron la variable dependiente, incluyendo el sexo y la edad como covariables.
Los resultados informaron que una mayor IE se relacionaba con una menor prevalencia de conductas agresivas y que esta relación estaba mediada parcialmente por una mejor calidad de sueño. Este modelo permitió explicar un 18% de la varianza de la conducta agresiva.
Los resultados realzan el papel protector de una buena calidad de sueño y de una alta IE para prevenir comportamientos agresivos. Estos resultados sugieren que las intervenciones centradas en abordar la conducta agresiva deberían incluir de forma conjunta un entrenamiento en inteligencia emocional e higiene de sueño.</subfield>
   </datafield>
   <datafield ind1="8" ind2=" " tag="024">
      <subfield code="a">https://hdl.handle.net/10630/45177</subfield>
   </datafield>
   <datafield tag="653" ind2=" " ind1=" ">
      <subfield code="a">Sueño - Trastornos en adolescentes</subfield>
   </datafield>
   <datafield ind2="0" ind1="0" tag="245">
      <subfield code="a">El rol mediador de la calidad de sueño entre la inteligencia emocional y los comportamientos agresivos</subfield>
   </datafield>
</record>
</metadata></record></GetRecord></OAI-PMH>